00708nam a2200229 a 450000100060000000300060000600500170001200800410002903500180007004000260008804100080011408200260012208200160014810000310016424500630019526000620025830000460032050400320036665000400039871000200043883000200045818797UkOxU20211209000333.0140222s1952 enkafoe 001 0 eng d aBD-RjUL)18855 aBD-RjULbengcBD-RjUL aeng00a720.942218bWHR 1952 a720.9422181 aWhinney, Margaret Dickens.10aRenaissance architecture in England /cby Margaret Whinney aLondon :bLongmans, Green, for the British Council,c1952 a39 p., [20] p. of plates :bill. ;c21 cm aIncludes index and glossary 0aArchitecture, RenaissancezEngland.2 aBritish Council 0aArts in Britain